000 00481nam a2200157 i 4500
001 31608
003 ES-MaACL
005 20230906154420.0
007 t|
008 030129s1961 sp ||||1| spa d
100 1 _aBeneyto, Juan.
_927558
245 1 0 _aTeoría y técnica de la opinión pública
_b: cinco estudios sobre opinión, tiempo y sociedad /
_cJuan Beneyto.
260 _aMadrid :
_bTecnos,
_c[1961]
300 _a217 p. ;
_c22 cm.
852 _aES-MaACL
_jC-26761
_bR.55753
999 _c31608
_d31608